000
00333nam a22001457a 4500
008
211013b ||||| |||| 00| 0 eng d
020
_a
9780030260360
041
_a
eng
080
_2
4th
_a
541
082
_a
541
100
_a
12
101
_a
KIM
245
_a
Chemistry Principles and Reactions
_c
Masterton,W.L
942
_2
udc
_c
BK
999
_c
58217
_d
58217